| 000 | 00533nam a22001577a 4500 | ||
|---|---|---|---|
| 999 |
_c60770 _d60770 |
||
| 005 | 20231019163714.0 | ||
| 008 | 231019s1977 ru ||||| |||| 00| 0 rus d | ||
| 041 | _arus | ||
| 080 | _a7(35) (091) Л-84 | ||
| 100 |
_a Луконин, В.Г. _920143 |
||
| 245 |
_aИскусство Древнего Ирана / _cВ.Г. Луконин. |
||
| 264 |
_aМ.: _b«Искусство». _c1977. |
||
| 300 |
_a232 стр.: _bил.; _c25 см. |
||
| 653 | _aძველი ირანის ხელოვნება | ||
| 942 |
_2udc _cBK |
||